<?xml version="1.0" encoding="UTF-8"?>
<record
    xmlns:xsi="http://www.w3.org/2001/XMLSchema-instance"
    xsi:schemaLocation="http://www.loc.gov/MARC21/slim http://www.loc.gov/standards/marcxml/schema/MARC21slim.xsd"
    xmlns="http://www.loc.gov/MARC21/slim">

  <leader>00755nam a2200205Ia 4500</leader>
  <controlfield tag="003">OSt</controlfield>
  <controlfield tag="005">20250725144851.0</controlfield>
  <controlfield tag="008">210210b2000   xxu||||| |||| 00| 0 eng d</controlfield>
  <datafield tag="040" ind1=" " ind2=" ">
    <subfield code="c">AL</subfield>
  </datafield>
  <datafield tag="041" ind1=" " ind2=" ">
    <subfield code="a">Kannada</subfield>
  </datafield>
  <datafield tag="082" ind1=" " ind2=" ">
    <subfield code="a">K894.9 MURY</subfield>
  </datafield>
  <datafield tag="100" ind1=" " ind2=" ">
    <subfield code="a">MURALIDHARA UPADHYA HIRIYADAKA, Ed.</subfield>
    <subfield code="d">&#xCAE;&#xCC1;&#xCB0;&#xCB3;&#xCC0;&#xCA7;&#xCB0; &#xC89;&#xCAA;&#xCBE;&#xCA7;&#xCCD;&#xCAF; &#xCB9;&#xCBF;&#xCB0;&#xCBF;&#xCAF;&#xCA1;&#xC95;</subfield>
    <subfield code="9">220183</subfield>
  </datafield>
  <datafield tag="245" ind1=" " ind2=" ">
    <subfield code="a">U R Ananthamurti : jivana hagu kratigala samuhashodha .</subfield>
    <subfield code="b"> &#xCAF;&#xCC1; &#xC85;&#xCB0;&#xCCD; &#xC85;&#xCA8;&#xC82;&#xCA4;&#xCAE;&#xCC2;&#xCB0;&#xCCD;&#xCA4;&#xCBF; : &#xC9C;&#xCC0;&#xCB5;&#xCA8; &#xCB9;&#xCBE;&#xC97;&#xCC2; &#xC95;&#xCC3;&#xCA4;&#xCBF;&#xC97;&#xCB3; &#xCB8;&#xCAE;&#xCC2;&#xCB9;&#xCB6;&#xCCB;&#xCA7; </subfield>
  </datafield>
  <datafield tag="260" ind1=" " ind2=" ">
    <subfield code="a">Putturu</subfield>
    <subfield code="b">Karnataka Sangha</subfield>
    <subfield code="c">2000</subfield>
  </datafield>
  <datafield tag="300" ind1=" " ind2=" ">
    <subfield code="a">8,xii,526</subfield>
  </datafield>
  <datafield tag="650" ind1=" " ind2=" ">
    <subfield code="a">Ananthamurthy U R - jivana</subfield>
    <subfield code="9">220184</subfield>
  </datafield>
  <datafield tag="690" ind1=" " ind2=" ">
    <subfield code="a">Kannada Criticism</subfield>
    <subfield code="9">220185</subfield>
  </datafield>
  <datafield tag="906" ind1=" " ind2=" ">
    <subfield code="a">055593</subfield>
  </datafield>
  <datafield tag="942" ind1=" " ind2=" ">
    <subfield code="2">ddc</subfield>
    <subfield code="c">BK</subfield>
  </datafield>
  <datafield tag="999" ind1=" " ind2=" ">
    <subfield code="c">103018</subfield>
    <subfield code="d">103018</subfield>
  </datafield>
  <datafield tag="952" ind1=" " ind2=" ">
    <subfield code="0">0</subfield>
    <subfield code="1">0</subfield>
    <subfield code="2">ddc</subfield>
    <subfield code="4">0</subfield>
    <subfield code="7">0</subfield>
    <subfield code="8">KAN</subfield>
    <subfield code="a">AL</subfield>
    <subfield code="b">AL</subfield>
    <subfield code="c">Kannada Literature</subfield>
    <subfield code="d">2021-02-17</subfield>
    <subfield code="e">Athree Book Centre, Mangalore-01.</subfield>
    <subfield code="g">270.00</subfield>
    <subfield code="l">0</subfield>
    <subfield code="o">K894.9 MURY</subfield>
    <subfield code="p">055593</subfield>
    <subfield code="r">2021-02-17 00:00:00</subfield>
    <subfield code="w">2021-02-17</subfield>
    <subfield code="y">BK</subfield>
  </datafield>
</record>
